Statystyki dla Flagi państw - kontynenty

Kliknij tutaj aby rozwiązać quiz!

Ogólne statystyki

  • Ten quiz został rozwiązany 21 razy
  • Średni wynik to 33 z 40

Statystyki odpowiedzi

ZagadnienieKomórkaSelect% Poprawnych
Które z państw jest w Azji?Nie
100%
Które z państw jest w Azji?Nie
100%
Które z państw jest w Afryce?Nie
95%
Które z państw jest w Europie?Nie
95%
Które z państw jest w Oceanii?Nie
95%
Które z państw jest w Europie?Nie
95%
Które z państw jest w Afryce?Nie
95%
Które z państw jest w Azji?Nie
90%
Które z państw jest w Europie?Nie
90%
Które z państw jest w Europie?Nie
90%
Które z państw jest w Europie?Tak
90%
Które z państw jest w Oceanii?Nie
90%
Które z państw jest w Europie?Nie
90%
Które z państw jest w Afryce?Nie
85%
Które z państw jest w Afryce?Nie
85%
Które z państw jest w Azji?Nie
85%
Które z państw nie jest w Azji?Nie
85%
Które z państw jest w Oceanii?Nie
85%
Które z państw nie jest w Azji?Nie
85%
Które z państw jest w Azji?Tak
85%
Które z państw jest w Afryce?Nie
85%
Które z państw nie jest w Ameryce Północnej?Nie
80%
Które z państw jest w Afryce?Nie
80%
Które z państw nie jest w Ameryce Północnej?Nie
80%
Które z państw jest w Afryce?Nie
80%
Które z państw nie jest w Ameryce Północnej?Nie
80%
Które z państw jest w Azji?Nie
80%
Które z państw jest w Afryce?Tak
80%
Które z państw jest w Afryce?Nie
80%
Które z państw jest w Oceanii?Tak
80%
Które z państw jest w Azji?Tak
75%
Które z państw jest w Afryce?Tak
75%
Które z państw jest w Afryce?Tak
70%
Które z państw jest w Azji?Nie
70%
Które z państw jest w Afryce?Nie
70%
Które z państw nie jest w Ameryce Północnej?Tak
65%
Które z państw jest w Europie?Tak
60%
Które z państw nie jest w Azji?Nie
60%
Które z państw nie jest w Azji?Tak
55%
Które z państw jest w Europie?Nie
45%

Rozkład punktacji

Percentyl według liczby udzielonych odpowiedzi

Procent ludzi z każdym wynikiem

Twoja historia wyników

Nie rozwiązałeś tego quizu